| 000 | 01030cam a22003257a 4500 | ||
|---|---|---|---|
| 001 | 17133222 | ||
| 003 | OSt | ||
| 005 | 20140310182859.0 | ||
| 008 | 120125s2011 ph b 000 0 tgl | ||
| 010 | _a 2012325016 | ||
| 020 | _a9789715066068 | ||
| 040 |
_aDLC _cDLC _dDLC |
||
| 042 | _alcode | ||
| 050 | 0 | 0 |
_aPL 6061 _b.Yu94 2011 |
| 082 |
_aFIL 899.211 _b.Yu94 2011 |
||
| 100 | 1 | _aYu, Rosario Torres- | |
| 245 | 1 | 0 |
_aAlinagnag _bsanaysay ng mga panlipunang panunuri sa panitikan _cYu, Rosario Torres |
| 260 |
_aEspaƱa, Manila _bUniversity of Santo Toman Pub. House _c2011 |
||
| 300 |
_axi, 316 p. _c23 cm. |
||
| 504 | _aIncludes bibliographical references (p. 307-315). | ||
| 520 | _aCriticism on Philippine literature. | ||
| 521 | _aCollege Student | ||
| 526 | _c1210L-1700L | ||
| 541 | _j1 | ||
| 546 | _aIn Tagalog. | ||
| 562 | _eFor circulation. 1 copy available in the collection | ||
| 906 |
_a7 _bcbc _corigode _d4 _encip _f20 _gy-gencatlg |
||
| 942 |
_2lcc _cBK _kFIL |
||
| 999 |
_c17071 _d17071 |
||